000 00390 a2200169 4500
001 157020
020 _a9788539510153
040 _cEscola São Tomás de Aquino
100 _aMEIER, Marcos
240 1 0 _aDesligue isso e vá estudar!
_lpor
245 1 0 _aDesligue isso e vá estudar!
300 _a112
362 0 _a2014
440 1 _aFundamento
697 _aEducação
942 _cBK
999 _c157020
_d157020